[Event "41. Olympiad Tromso 2014 Open"]
[Site "TromsøÂ¸"]
[Date "2014.08.09"]
[Round "7"]
[White "Navara, David"]
[Black "Grischuk, Alexander"]
[Result "1-0"]
[WhiteElo "2716"]
[BlackElo "2795"]
[EventDate "2014.??.??"]
[Annotator "Marin, Mihail"]
[PlyCount "80"]
[EventCountry "NOR"]
[WhiteTeam "Czech Republic"]
[BlackTeam "Russia"]
[WhiteTeamCountry "CZE"]
[BlackTeamCountry "RUS"]

1. Nf3 c5 2. e4 d6 3. d4 cxd4 4. Nxd4 Nf6 5. Nc3 a6 6. h3 {One of 
Fischer's old favourite, which became rather fashionable lately. In this 
game it will transpose to the Scheweningen Keres Attack.} 6. ... e6 7. g4 
h6 8. Bg2 Be7 9. Be3 Nc6 10. f4 {[#]Even though the Sicilian was not too 
well defined in Steinitz' times, I believe that the first World Champion 
would have liked Black's position. No weaknesses, quite a flexible 
structure, lots of spare tempi with the pawns, etc. At the same time, he 
would consider hite's position over-expanded and thus exposed to be 
ruined.} 10. ... Nd7 {The latest trend. Blck prepares a check on f2, 
aimming to exchange the dark-squared bishops.} ( {The old line goes} 
10. ... Qc7 11. Qe2 {followed by the long castle.} ) 11. O-O!? {White 
gives up his initial plans of castling long, relying on the fact that his 
attack could be strong anyway. Besides, Black willl most likely have to 
spend another tempo on retutning ith the knight to f6.} ( {Black had a 
comfortable game after} 11. Qd2 Nxd4 12. Bxd4 e5 13. fxe5 Bh4+ 14. Bf2 
Nxe5 {Anand-Mamedyarov, Khanty-Mansiysk Candidates, 2014} ) 11. ... Nxd4 
12. Qxd4 O-O 13. Qd2 {A new move, taking the queen out of the range of the
black pawns (... e6-e5 and ...dxe5).} ( {After} 13. Ne2 {Black could 
complete his development without loss of time:} 13. ... b5 14. Ng3 Bb7 {
Shirov-Sutovsky, Poikovsky 2014} ) 13. ... Rb8 ( {Unlike in the 
aforementioned game, advancing the b-pawn at once could cause some 
problems.} 13. ... b5 14. e5 d5 {True, Black's position does not look that
bad, but when playing the Sicilian one rarely is keen to trapnspose to 
French structures!} ) 14. Rad1 {It is curious that Navara spent 20 minutes
on this most natural move, completing White's mobilisation. By contrast, 
he will carry out the sacrifice on move 20 (a very cimmittal decision) 
after only six minutes. I guess that each player has his own perception 
bout what is obvious and what requires checking.} 14. ... b5 15. Ne2 {
After having induced the relative loss of time ...Ra8-b8, Navara returns 
to Shirov's plan of transferring the knight to the kingside.} 15. ... Qc7 
16. f5 {A typical attacking move in the Sicilian, putting pressure on the 
e6-square and, to a certain extent, along the f-file. Due to the relative 
eakness of the h6-square, it is important that the last move also clears 
the c1-h6 diagonal.} 16. ... Nf6 {Grischuk decides to return with his 
knight to a previous location in order to secure his position against 
threats like f5-f6 or Ne2-f4.} 17. Ng3 Re8! {A strong prophylctic move, 
clearing the f8-square for the bishop.} ( {The generally desirable} 
17. ... Bb7 {would run into} 18. Bxh6 gxh6 19. Qxh6 {with a dangerous 
attack.} ) 18. Bd4 {Navara plyed this after 25 minutes.} ( {He might have 
checked for a while the consequences of} 18. Bxh6 gxh6 19. Qxh6 {
Unfortunately,} 19. ... Nh7 20. f6 Bf8 {takes full advantage of the merits
of ... Rf8-e8 by defending g7. Wherever the queen retreats, Black could 
continue with ...Qc5+ most probably followed by the queen transfer to e5.}
) 18. ... e5 {Another typical move, parrying some light threts and 
preparing the counterplay based on ...d6-d5.} ( {White would retain some 
light intiative after} 18. ... Bb7 19. fxe6 fxe6 20. g5 hxg5 21. Qxg5 {
although Black should be OK.} ) 19. Be3 {[#]} 19. ... Bb7 {Playing a bit 
with fire.} ( {Had he understood how dangerous Navara's sacrifice relly 
was, Grischuk might have prevented it with} 19. ... Kh7 {As pointed out by
Steinitz, the king can be a useful defensive piece. In other words, His 
Majesty is grown up enough to take care of His Royal self. In order to 
start an attack before Black gets to play . ..Bb7 and ...d6-d5, White 
needs to defend the g4-pawn in order to allow h3-h4 followed by g5. He was
two ways of doing that.} 20. Qe2 ( 20. Bf3 {would make the bishop 
vulnerable:} 20. ... Bb7 21. h4 d5 22. g5 dxe4 23. gxf6 exf3 24. fxe7 Qxe7
{with great compensation for the piece.} ) 20. ... Qc4 21. Rd3 Bb7 22. b3 
Qc7 23. h4 d5 24. exd5 e4 {Black has stared his conterplay in the centre 
just when White was preparing to deliver the deadly g4-g5. The position is
complicated but fairly balanced.} ) 20. Bxh6! {As mentioned above, Navara 
did not need too much time to decide himself upon this half positional, 
half attacking move.} ( {Attacking with neutral moves would hand in the 
initiative to Black, for instance} 20. Qe2 {(preparing h3-h4)} 20. ... d5 
21. exd5 Rbd8 {with great play for Black. Actually, it is not surprising 
that Navara did not hesitate too much to embark a sacrificial attack based
on his intuition. He was fully mobilised and, just for an instant, he had 
a small advance in development. As stated by Steinitz, the player with an 
advantage should attack at once, under the threat of losing his 
superiority or even getting the worse of it.} ) 20. ... gxh6?! {After this
slightly cooperative move played instantly, White's attack will develop by
itself.} ( {It would have made sense starting the central counterplay:} 
20. ... d5 {If} 21. Bxg7?! Kxg7 22. Qg5+ Kh8 23. Qh6+ Nh7 {Black would be 
two tempi up with respect with a similar line involving ...d6-d5 below.} )
21. Qxh6 Nh7 {There was no time already for counterplay in the centre or 
on the queenside.} ( {For instance:} 21. ... d5 22. g5 Nxe4 23. Bxe4 {
(threatening Nh5)} 23. ... Bf8 24. Qh4 dxe4 25. Nh5 Bc5+ 26. Kh2 {with 
decisive threats.} ) ( {Or if} 21. ... Qxc2 22. g5 Nxe4 23. g6 Nf6 24. 
Bxb7 Rxb7 25. Nh5 Qc5+ 26. Rf2 ) 22. f6 Bf8 23. Qh5 {[#]White threatens to
increase his kingside domination with g5, h4, Nf5. Actually, Black's extra
piece does not make itself felt because two of his pieces are imobile.} 
23. ... Qc5+ {With the pawn on e6, this would exchange queens, which 
explains why Navara did not sacrifice the bishop on the fist given 
opportunity. Grischuk must have put some hopes in the ueen's transfer to 
the kingside, but this manoeuvre will fil to save the game.} 24. Kh2 Qe3 
25. h4 Qh6 26. Qxh6 Bxh6 27. g5 {The queens are off, but the threats stay 
on!} 27. ... Bf8 {There was no favourable way of returning the piece, for 
instance} ( 27. ... Bxg5 28. hxg5 Nxg5 29. Nf5 Nxe4 30. Rd3 {ith a 
decisive attack.} ) ( {Or} 27. ... Nxg5 28. Nf5 ) 28. g6! {The best way to
maintain the initiative.} 28. ... Bh6? {Probably missing the mating 
pattern examined below.} ( {A better way to lear matters on the kingside 
was} 28. ... Rec8 {(taking the rook out of the range of the f6-pawn and 
threatening ,,,fxg6)} 29. gxh7+ Kxh7 30. Rf2 b4 31. Nf5 {White has an 
extra pawn, exerts strong pressure on d6 and has the unpleasant threat Ne7
in reserve.} ) 29. Nf5 Bf4+ {[#]} 30. Rxf4! Nxf6 ( {The point is that} 
30. ... exf4 31. Nh6+ {leads to mate after 32.g5, herever the king goes.} 
) 31. gxf7+ Kxf7 32. Nxd6+ {The rest is relatively simple. White will 
simplify to an ending with two extra pawns.} 32. ... Ke7 33. Nxe8 exf4 34.
 Nxf6 Kxf6 35. Rd6+ Ke5 36. Rb6 f3 37. Bxf3 Rf8 38. Kg3 Bxe4 39. Bxe4 Kxe4
40. Re6+ Kd5 1-0

[Event "41st Olympiad Tromso 2014 Open""]
[Site "Tromso"]
[Date "2014.08.09"]
[Round "7"]
[White "Navara, David"]
[Black "Grischuk, Alexander"]
[Result "1-0"]
[WhiteElo "2716"]
[BlackElo "2795"]
[EventDate "2014.??.??"]
[PlyCount "80"]
[EventCountry "NOR"]
[WhiteTeam "Czech Republic"]
[BlackTeam "Russia"]
[WhiteTeamCountry "CZE"]
[BlackTeamCountry "RUS"]

1. Nf3 c5 2. e4 d6 3. d4 cxd4 4. Nxd4 Nf6 5. Nc3 a6 6. h3 {V souÄ�asosti 
jeden z nejÅ¾havÄ›jÅ¡ích systémÅ¯ proti Najdorfovi.  GriÅ¡Ä�uk po chvíli 
pÅ™emýÅ¡lení zvolil} 6. ... e6 ( {DalÅ¡ími moÅ¾nostmi jsou} 6. ... e5 {s 
trochu ménÄ› flexibilní pozicí} ) ( {Ä�i} 6. ... g6 {s nestandardní 
draÄ�í sicilskou.} ) 7. g4 h6 ( {Druhým moÅ¾ným postupem je} 7. ... Be7 {s
myÅ¡lenkou po} 8. g5 Nfd7 9. h4 {mít na desce KeresÅ¯v útok, který 
normálnÄ› vzniká po tazích 1. e4 c5 2. Jf3 d6 3. d4 cxd4 4. Jxd4 Jf6 5. 
Jc3 e6 6. g4. Je to tak hrozná zbraÅˆ, Å¾e do ní bílý milerád chodí i s 
tempem ménÄ›.} ) 8. Bg2 Be7 9. Be3 Nc6 10. f4 Nd7 11. O-O Nxd4 12. Qxd4 
O-O 13. Qd2 {Trochu tajuplný tah, na d4 ale dáma nestojí nijak skvÄ›le, 
mÅ¯Å¾e být pod údery jako ...e5 Ä�i ... Sc5 - zkrátka z d2 má, jak 
uvidíme, mnohem lepÅ¡í vyhlídky.} 13. ... Rb8 ( {Na okamÅ¾ité} 13. ... b5 
{mÅ¯Å¾e vadit postup} 14. a4 b4 15. Ne2 Rb8 {kdy vÄ›Å¾ vypadá na b8 dost 
trapnÄ›.} ( {po} 15. ... a5 16. Nd4 {jsou pole b5 a c6 slabouÄ�ká} ) ) 14.
 Rad1 ( {Za úvahu stálo i profylaktické} 14. a4 {, ale David nejspíÅ¡e 
nechtÄ›l zbyteÄ�nÄ› ztrácet tempa k útoku :)} ) 14. ... b5 15. Ne2 ( {
Nyní jiÅ¾ po} 15. a4 bxa4 ( {moÅ¾ná jeÅ¡tÄ› silnÄ›jÅ¡í je} 15. ... Nb6 ) 
16. Nxa4 {vÄ›Å¾ na b8 pracuje výbornÄ›} ) 15. ... Qc7 16. f5 {Bílý velí ke
zteÄ�i.} 16. ... Nf6 ( {PÅ™irozenÄ›ji vypadá zabrat oslabené políÄ�ko e5, 
ale po} 16. ... Ne5 17. b3! {(stÅ™elec je pÅ™ece lepÅ¡í neÅ¾ kÅ¯Åˆ!)} 
17. ... Rd8 ( {po} 17. ... Bb7 {pÅ™ichází jiÅ¾ hlavní útoÄ�ný motiv 
bílého} 18. Bxh6 gxh6 19. f6 +/- {a stÅ™elec nemá pole f8} ) ( 17. ... Kh7
{je zajímavá obranná myÅ¡lenka, ale bílý jednoduÅ¡e pÅ™isune dalÅ¡í síly 
do útoku} 18. Nf4! ( 18. f6!? Bxf6 19. Rxf6 gxf6 20. Nf4 Rg8 21. Nh5 Rg6 {
bude asi jen opakování tahÅ¯ po Jf4-Jh5} ) 18. ... Rd8 19. Nh5 â†’ ) 18. 
f6! Bxf6 19. Rxf6 gxf6 20. Nf4 â†’ {by mÄ›l bílý kompenzaci pÅ™ímo 
boÅ¾skou a Ä�erný by byl rád, kdyby pÅ™eÅ¾il dalÅ¡ích 15 tahÅ¯.} ) 17. Ng3
Re8?! {GriÅ¡Ä�uk se snaÅ¾il, co to dalo, aby se dostal do svého 
oblíbeného rapidového tempa, na 30 sekundách je nepÅ™emoÅ¾itelný. BohuÅ¾el
po 16. tahu mÄ›l na tachometru stále 15 minut a z pÅ™íliÅ¡ného 
pÅ™emýÅ¡lení se zrodilo vyumÄ›lkované ...Ve8.} ( {ZdravÄ›ji vypadá} 
17. ... Bb7 {, kde obÄ›Å¥} 18. Bxh6 ( {po nÄ›jakém jiném tahu, Å™eknÄ›me} 
18. Kh1 {Ä�erný jiÅ¾ zahraje} 18. ... Kh7 {, kryje oslabení h6, bílý útok 
vyÄ�ichl a tok partie se zaÄ�íná obracet.} ) 18. ... gxh6 19. Qxh6 d5 20. 
Kh2 {vede ke spravedlivé remíze} 20. ... Bd6 21. Qg5+ Kh7 22. Qh4+ Kg7 23.
 Qg5+ =, quiet ) ( {Úder podle uÄ�ebnice - v centru -} 17. ... d5? {
ztroskotá na} 18. e5! Qxe5 19. Bf4 +- ) 18. Bd4 {Provokuje uzavÅ™ení 
centra, aby mohl vÅ¡echny síly vrhnout po Ä�erném monarchovi.} ( 18. fxe6 
{je sympatická léÄ�ka, nicménÄ› po správném} 18. ... Bxe6 ( 18. ... fxe6? 
19. Bxh6! gxh6 20. Qxh6 +- {gong, bílý popojde g-pÄ›Å¡cem o dva kroky 
vpÅ™ed a Ä�erný se vzdá.} ) 19. Nf5 Bxf5 20. Rxf5 Nd7 {bude Ä�erný jezdec 
na poli e5 aÅ¾ pÅ™íliÅ¡ silný.} ) 18. ... e5 19. Be3 {TeÄ� není vÅ¯bec 
jasné, co má Ä�erný s hrozbou vzetí na h6 dÄ›lat. S pÄ›ti minutami se ale 
jiÅ¾ tváÅ™il suverénnÄ› a sázel tahy jeden za druhým.} 19. ... Bb7 {
PÅ™irozenÄ›.} ( {ZajímavÄ› opÄ›t vypadá trocha profylaxe} 19. ... Kh7 20. 
Bf3 Bb7 21. h4 d5 22. g5 dxe4 ( 22. ... d4 23. Bf2 Nd7 ( {PoÄ�ítaÄ� na mÄ›
pozdÄ›ji vybafnul} 23. ... Ng8 {, ale radÅ¡i zamlÄ�ím podrobnosti.} ) 24. 
Bh5 g6 25. fxg6+ fxg6 26. Bxg6+ Kxg6 27. Qe2 Bf8 28. Qh5+ Kh7 29. Be3! +- 
{je dalÅ¡í pÄ›kná varianta, po Vf7 bílý útok prorazí.} ) 23. gxf6 exf3 24.
 fxe7 Qxe7 ~ {a nechtÄ›jte po mnÄ› vÄ›dÄ›t, jak pozice stojí.} ) ( 19. ...
 Bf8 20. g5 hxg5 21. Bxg5 Nh7 22. h4 {má myÅ¡lenku} 22. ... Bb7 23. f6 g6 
24. h5 â†’ {a útok se valí} ) 20. Bxh6! {MÅ¯Å¾e to vypadat jako Å¡ejd do 
Ä�asovky, ale je to logické a korektní pokraÄ�ování bílého útoku.} 20. ...
 gxh6? {OpÄ›t pÅ™irozenÄ›, a.... Å¡patnÄ›! MÅ¯Å¾e to vypadat 
prazvláÅ¡tnÄ›, ale teÄ� uÅ¾ se Ä�erný jen poveze.} ( {Zkrátka a dobÅ™e 
nutností bylo chladnokrevné} 20. ... d5! 21. Bg5 ( 21. Bxg7 Kxg7 22. Qg5+ 
Kh8 23. Qh4+ Nh7 24. f6 Qb6+! 25. Kh2 Bxf6 {a mat se nekoná.} ) 21. ... 
dxe4 {stále s nejasnou pozicí.} ) 21. Qxh6 Nh7 ( 21. ... d5 22. g5 Bf8 23.
 Qh4 Nh7 24. exd5 {je beznadÄ›j, Ä�erné figury nemají Å¾ádnou souhru.} ) (
21. ... Qc5+ 22. Kh2 Qxc2 {chvíli preferoval mÅ¯j poÄ�ítaÄ�, ale rychle 
jsem jej vyléÄ�il. MÅ¯Å¾ete to pozkouÅ¡et v rÅ¯zných variantách, 
vyrovnání za Ä�erného uÅ¾ není.} 23. Qg5+ Kf8 24. Qh4! {kryje na e4 a 
plánuje dále postoupit pÄ›Å¡cem g.} ) 22. f6 Bf8 23. Qh5 Qc5+ 24. Kh2 Qe3 
25. h4 Qh6 26. Qxh6 Bxh6 27. g5 Bf8 ( {Za zkouÅ¡ku stálo} 27. ... Rec8 {, 
ale Ä�erný stejnÄ› stojí zle.} 28. gxh6 Rxc2 29. Rxd6 Rxb2 30. Rc1 +/- {
ÄŒerné figury jsou rozházené nekoordinovanÄ› po celé Å¡achovnici, pozice 
Ä�erného je hodnÄ› blízko prohÅ™e.} ) 28. g6 Bh6? {Poslední hÅ™eb do 
rakve, i mistr Ä�asovek má své dny.} 29. Nf5! Bf4+ ( 29. ... Bf8 30. g7 
Bxg7 31. fxg7 +- {je podobnÄ› beznadÄ›jné.} ) 30. Rxf4! Nxf6 ( {
PÅ™edpokládám, Å¾e GriÅ¡Ä�uk pÅ™ehlédl sympatický mat po} 30. ... exf4 31.
 Nh6+ Kh8 32. g7# ) 31. gxf7+ Kxf7 32. Nxd6+ Ke7 33. Nxe8 {Na jistotu.} 
33. ... exf4 34. Nxf6 Kxf6 35. Rd6+ Ke5 36. Rb6 f3 37. Bxf3 Rf8 38. Kg3 
Bxe4 39. Bxe4 Kxe4 40. Re6+ Kd5 {Rozptýlil se dým, Ä�erný spoÄ�ítal své 
padlé pÄ›Å¡ce a rozumnÄ› partii zabalil.} 1-0

[Event "41st Olympiad Tromso 2014 Open""]
[Site "TromsÅ™"]
[Date "2014.08.09"]
[Round "7"]
[White "Carlsen, Magnus"]
[Black "Naiditsch, Arkadij"]
[Result "0-1"]
[WhiteElo "2877"]
[BlackElo "2709"]
[EventDate "2014.??.??"]
[PlyCount "124"]
[EventCountry "NOR"]
[WhiteTeam "Norway"]
[BlackTeam "Germany"]
[WhiteTeamCountry "NOR"]
[BlackTeamCountry "GER"]

1. d4 Nf6 2. c4 e6 3. Nc3 Bb4 4. Nf3 c5 5. g3 O-O 6. Bg2 cxd4 7. Nxd4 d5 
8. cxd5 Nxd5 9. Qb3 Nc6 10. Nxc6 bxc6 11. O-O Qa5 {AÄ� je to pro 
souÄ�asného mistra svÄ›ta nezvyklé, toto je jedna z hlavních (!) 
teoretických pozic varianty.} 12. Ne4 {To uÅ¾ je trochu ménÄ› obehraný 
tah, ale oba hráÄ�i (alespoÅˆ se tak tváÅ™ili) byli stále v domácí 
pÅ™ípravÄ›.} ( {ÄŒastÄ›jÅ¡í je} 12. Bd2 ) 12. ... Ba6 13. Qc2 h6 {Na 
vysoké úrovni v podstatÄ› novinka, ale neÅ™ekl bych, Å¾e se ujme. Jg5 
nebyla aÅ¾ taková velká hrozba, Ä�erný mÄ›l spoustu dobrých vývinových 
tahÅ¯, navíc Magnus Carlsen naÅ¡el vynikajicí repliku, po které získává 
malou výhodu.} 14. a3! Be7 15. b4! Qb5 ( 15. ... Bxb4 16. axb4 Qxa1 17. 
Bb2 Qa2 18. Nd2! {dáma je v pasti!} 18. ... Nxb4 19. Qc3 e5 20. Ra1 Qe6 
21. Qxb4 Bxe2 22. Re1 Bb5 23. Rxe5 +/- {Toto nevypadá pÅ™íliÅ¡ lákavÄ›.} )
16. Re1 {Bílý hrozí obsadit jezdcem pole c5 a zaknihovat malý stabilní 
plus, Ä�emuÅ¾ se snaÅ¾í Ä�erný zabránit pomocí obÄ›ti pÄ›Å¡ce, ale 
objektivnÄ› chce od pozice více, neÅ¾ mÅ¯Å¾e nabídnout.} 16. ... Qc4 ( 
16. ... Rfc8 17. Nc5 Bxc5 18. bxc5 Qc4 19. Qxc4 Bxc4 20. Bd2 += {taky 
není Å¾ádný med} ) 17. Qb2 c5 18. Nxc5 Bf6?! ( 18. ... Bxc5 19. bxc5 Qxc5 
20. Bd2 += {je opÄ›t malý plusík, bílý má silnou dvojici stÅ™elcÅ¯, ale 
aspoÅˆ to není pÄ›Å¡ec míÅˆ.} ) 19. Qa2 Rac8 ( {Pozice po} 19. ... Bxa1 
20. Qxa1 +/- {je absolutnÄ› nehratelná, Ä�erný nemá kompenzaci za 
získanou kvalitu :)} ) 20. e4! {ZákeÅ™né nakopnutí, tento tah Naiditsch 
podle svých slov podcenil. Najednou stojí velmi nepÅ™íjemnÄ›.} 20. ... Nc3
21. Qxc4 Bxc4 22. e5 Be7 23. Bd2?! {Magnus Carlsen nemÄ›l vÄ�era svÅ¯j 
den, jezdec nyní vyskáÄ�e a bude notnÄ› ztrpÄ�ovat bílému Å¾ivot.} ( 23. 
Be3 +/- {je Ä�istý pÄ›Å¡ec více bez jakékoliv kompenzace pro Ä�erného.} 
23. ... Bd5 ) 23. ... Ne2+ 24. Kh1 Nd4 {TeÄ� má nÄ›mecký hráÄ� alespoÅˆ 
aktivního jezdce.} 25. Rac1 Bd5 26. Bxd5 exd5 27. Nd7 Rxc1 ( 27. ... Rfd8 
28. Rxc8 Rxc8 29. Rc1 Rxc1+ ( 29. ... Rd8 {s pÅ™echodem do partie} ) 30. 
Bxc1 Nb3 31. Bb2 d4 32. Kg2 +/- {vypadá velmi zle, Ä�erný d-pÄ›Å¡ec je 
více slabinou neÅ¾ silou.} ) 28. Rxc1 Rd8 29. Nc5?! {MÄ›kké!} ( 29. Rc7! 
+/- {je tah, který v blicce udÄ›láte rukou. Místo toho se Carlsen snaÅ¾í 
pozici zjednoduÅ¡it - a zaÄ�íná se do ní více a více zamotávat.} 29. ... 
Nb3 30. Be1 d4 31. Rxa7 d3 32. b5 d2 33. Bxd2 Nxd2 34. b6 +- {by mohlo 
staÄ�it jako ilustrace faktu, Å¾e déÄ�ko nejde nikam. A neÅ™íkejte, Å¾e to
je tak tÄ›Å¾ké spoÄ�ítat.} ) 29. ... Bxc5 30. Rxc5 Nf3 31. Bc3 g5! {
Takový tah je snadné pÅ™ehlédnout. ÄŒerný získává silnou protihru a partie
zaÄ�íná nanovo.} ( {Bílý poÄ�ítal jen s naivním} 31. ... d4 32. Kg2 dxc3 
33. Kxf3 +- {coÅ¾ je jiÅ¾ nejspíÅ¡e neubránitelná vÄ›Å¾ovka.} ) 32. h3 h5 
33. Kg2 g4 34. b5 Rd7 35. Rc8+ Kh7 36. Ba5 d4 37. hxg4 hxg4 38. e6? {
Panika! I na onlinu byly slyÅ¡et padající Ä�elisti norských fanouÅ¡kÅ¯, 
38. e6 je straÅ¡livá bota. Inu, i mistr svÄ›ta je jen Ä�lovÄ›k. Zatím.} ( 
38. Rc7 Rxc7 39. Bxc7 d3 40. Kf1 Nd4 41. Ke1 Nxb5 42. Bd6 =, quiet {je 
jasná remíza, bílý dobere na d3, Ä�erný na e5} ) 38. ... fxe6 {PÄ›Å¡ec 
zadarmo, no nekupte to.} 39. Rc7 Rxc7 40. Bxc7 d3 41. Kf1 Nd4 {HoreÄ�ka 
Ä�asové tísnÄ› skonÄ�ila a z pÄ›Å¡ce více je najednou pÄ›Å¡ec ménÄ›. 
Bílý jen znechucenÄ› vrtÄ›l hlavou.} 42. Ke1 Nxb5 43. Bb8 Nxa3 44. Kd2 ( 
44. Bxa7 Nc4 45. Bd4 Kg6 -+ {a Ä�erný si udÄ›lá krásnou procházku aÅ¾ na 
f3.} ) 44. ... a5 45. Kxd3 Kg6 46. Ke4 a4 47. Be5 Nc4 48. Bc3 a3 49. Kf4? 
{Toto vypadá na poslední chybu.} ( {V zájmu objektivity se musí uznat, Å¾e
bílý se nejspíÅ¡e tak-tak drÅ¾í po} 49. f3! {coÅ¾ jsem samozÅ™ejmÄ› 
neobjevil sám, ale nÄ›jaká dobrá duÅ¡e nechala poÄ�ítaÄ� bÄ›Å¾et na 
hloubku 56 a zapsala analýzu do internetové databáze, bohuÅ¾el nemám k 
dispozici tak dobré chlazení :) Tady je pÅ™íkladná varianta.} 49. ... gxf3
50. Kxf3 Kf5 51. Ke2 Nd6 52. Kd1! Nb5 53. Ba1 e5 54. g4+! Ke6 55. Kc2 Nd4+
56. Kd3 Kd5 57. Bc3 e4+ 58. Ke3 Ne6 59. Ba1 a2 60. Bc3 Ng5 61. Bb2 Kc4 62.
 Bg7 Kb3 63. Kd2 Ne6 =, quiet {A drÅ¾í! Nejsem si ale jist, zda je schopna
takovou koncovku (z poÄ�áteÄ�ní pozice ovÅ¡em) bytost z masa a kostí 
udrÅ¾et, navíc si pÅ™iÄ�tÄ›te pÅ™edeÅ¡lý bujarý prÅ¯bÄ›h.} ) 49. ... Kh5 
-+ {A partie je pryÄ�, na f3 vÅ¾dy bílému bude chybÄ›t tempo, takÅ¾e musí 
poÄ�kat, aÅ¾ Ä�erný zesílí pozici a vyhraje.} 50. f3 {Nebo si mÅ¯Å¾e 
zkrátit trápení.} 50. ... e5+! {Jediný, ale plnÄ› dostaÄ�ující tah.} 51. 
Ke4 Nd6+! 52. Ke3 Kg5 53. fxg4 e4 54. Kd2 Nb5 55. Be5 Kxg4 56. Ke3 Kf5 57.
 Ba1 Nd6 58. Kd2 Kg4 59. Ke3 a2 60. Bc3 Kxg3 61. Ba1 Kg4 {Dva volní 
pÄ›Å¡ci jsou pÅ™íliÅ¡.} 62. Kd2 ( 62. Bh8 Kf5 63. Ba1 Nc4+ 64. Kd4 e3 65. 
Kxc4 e2 -+ ) 62. ... Kf3 0-1